000 00343nam a2200145Ia 4500
008 200103s9999||||xx |||||||||||||| ||und||
020 _a0114000093,
040 _aIMU-MPC
082 _aColumn-46
100 _aHMSO, London
245 2 _aA course in elementary Meteorology
260 _bHMSO, London
_c1975
300 _axii, 189
942 _cBK
999 _c9344
_d9344